Acronymes - 4 lettres - B - Statistiques

Statistiques générales
  • Ce quiz a été pris 64 fois
  • Le résultat moyen est 5 sur 33
Statistiques - réponses
Hint Réponse % Correct
BAFA Brevet
100%
Animateur
54%
Aptitude
41%
BRGM Bureau
17%
Fonctions
17%
Own
15%
Own
15%
Own
15%
Own
15%
System
15%
Your
15%
Your
15%
Your
15%
Your
15%
Aux
14%
BYOD Bring
12%
BYOP Bring
12%
BYOS Bring
12%
BYOW Bring
12%
Épargne
12%
Géologiques
12%
BPCE Banques
10%
Minières
10%
Recherches
10%
Device
8%
Populaires
8%
Caisses
7%
Input
3%
Output
3%
BIOS Basic
2%
Wine
2%
Pen
0%
Spirit
0%
Aucun quiz correspondant
Distribution des résultats
% des personnes avec chaque résultat
Percentile par nombre de réponses
Votre historique - résultats
Vous n’avez pas pris ce quiz